000 00475nmm a2200157Ia 4500
008 251105s9999||||xx |||||||||||||||||und||
020 _a9788433924322
041 _aspa
100 _aGainza, María
245 0 _aUn puñado de flechas
264 _a[Madrid, España] :
_bEditorial Anagrama,
_c[Fecha de publicación no identificada]
300 _a0 páginas
490 _aNarrativas hispánicas
856 _uhttps://public.digitaliapublishing.com/a/161998
942 _cCF
999 _c81747
_d81747